| 000 | 01003nam a22002657a 4500 | ||
|---|---|---|---|
| 001 | 12788 | ||
| 003 | HDC | ||
| 007 | cr bn --- | ||
| 008 | 210211 my |0 eneng | ||
| 022 | _a1843-5386 | ||
| 040 | _aHDC | ||
| 100 |
_a NAGY, Elena Mihaela _eauthor _913627 |
||
| 245 | 4 |
_aThe Role of Water On Structure Formation to Extrusion of Corn Starch Based Plastic Foams _cby Elena Mihaela NAGY, Maria TOMOAIA-COTISEL, Maria FENESAN, Constantin COTA, Gabriel FODOREAN, Nicolae CIOICA |
|
| 260 |
_a[no place] : _bBulletin UASVM Agriculture, _c2011 |
||
| 300 | _a6 pages | ||
| 336 |
_atext _2rdacontent |
||
| 337 |
_acomputer _2rdamedia |
||
| 338 |
_aonline resource _2rdacarrier |
||
| 650 |
_acorn starch, _913628 |
||
| 650 |
_aplastic foams _913629 |
||
| 856 | _zRequest full-text at [email protected] | ||
| 942 | _2lcc | ||
| 942 | _cEBOOK | ||
| 942 | _kEBOOK 002014 | ||
| 999 |
_c10111 _d10111 |
||